Statistics for Undertale OST

Click here to take the quiz!

General Stats

  • This quiz has been taken 4 times
  • The average score is 61 of 101

Answer Stats

OSTLengthWhen It PlaysAnswer% Correct
0070:22During the encounters with Dummy and the first Froggit/When fighting the Glad Dummy during the Genocide RouteAnticipation
100%
0090:56While fighting regular monstersEnemy Approaching
100%
0040:57During Toriel's introduction/After Toriel's test of independence/When Toriel leads the protagonist to her homeFallen Down
100%
0011:29Introduction sequenceOnce Upon a Time
100%
0051:32While traveling through the RuinsRuins
100%
0171:44While traveling through Snowdin ForestSnowy
100%
0020:32When viewing a new SAVE fileStart Menu
100%
0080:17During Toriel's test of independenceUnnecessary Tension
100%
0060:56On the Joystick Config menu during Autumn and SpringUwa!! So Temperate♫
100%
0030:23Protagonist’s first encounter with FloweyYour Best Friend
100%
0481:25During Alphys's introduction/While traversing the Lab after Mettaton's quiz show (not during the Genocide Route)/At the beginning of the date with AlphysAlphys
67%
0512:22While traveling through HotlandAnother Medium
67%
0772:36Asgore's boss fightASGORE
67%
0982:36Undyne the Undying's boss fightBattle Against a True Hero
67%
0350:25While the small bird carries the protagonist over a disproportionately small gapBird That Carries You Over A Disproportionately Small Gap
67%
0240:57During the boss fight with Papyrus after he turns the protagonist's SOUL blueBonetrousle
67%
0970:34During Undyne's speech before becoming Undyne the UndyingBut the Earth Refused to Die
67%
0410:56While lying on the ground and feeling like garbage in Napstablook's houseChill
67%
0560:42When Alphys confesses her lies and feelings towards Undyne during the date with AlphysConfession
67%
0652:46While traveling through and fighting enemies in the CORECORE
67%
0640:12In the room between the Hotel and the CORECORE Approach
67%
0270:35During an intense moment during the befriending event with PapyrusDating Fight!
67%
0251:56When the befriending sequences with Papyrus, Undyne, and Alphys begin/Bratty and Catty's shopDating Start!
67%
0260:26When the befriending sequences with Papyrus and Alphys get tenseDating Tense!
67%
0682:14Mettaton EX's boss fightDeath by Glamour
67%
0580:47During the bomb defusing sequenceDeath Report
67%
0110:50GAME OVER screenDetermination
67%
0190:06Before fighting the DogiDogbass
67%
0210:37When the Annoying Dog steals the legendary artifact in the Artifact Room/Phone call for the Dog Ending and the Dirty Hacker Ending/After defeating Toriel in Hard ModeDogsong
67%
0362:25Mad Dummy's boss fightDummy!
67%
0691:47While Mettaton takes phone calls after his fightFor The Fans
67%
0100:56Napstablook's boss fightGhost Fight
67%
0400:12CD found in Napstablook's houseGhouliday
67%
1010:31End of a Neutral Route in the demo, never used in the final gameGood Night
67%
0141:48Toriel's boss fightHeartache
67%
0122:03In Toriel's homeHome
67%
0132:02In the protagonist's room in Toriel's Home when the lamp in their room is turned offHome (Music Box)
67%
0873:01The first segment of Asriel Dreemurr's boss fightHopes and Dreams
67%
0541:27Mettaton's cooking show/MTT ResortHotel
67%
0632:50While talking to Sans in the MTT Resort's restaurantIt's Raining Somewhere Else
67%
0490:46After Mettaton bursts through the wall of the Lab/Before the jetpack sequence of Mettaton's cooking show/After the Bomb Defusal sequence of Mettaton's news reportIt's Showtime!
67%
0570:17During Mettaton's news segmentLive Report
67%
0341:15After placing the umbrella in the statue for the Piano Puzzle/After sparing Asgore/After the battle with Asriel/The ending screen after the True Pacifist Ending CreditsMemory
67%
0501:03During battles with MettatonMetal Crusher
67%
0200:44In the secret cave in Snowdin ForestMysterious Place
67%
0451:22Before fighting Undyne (if Papyrus was spared)/While cooking with UndyneNGAHHH!!
67%
0160:32During Papyrus's introduction/When Papyrus introduces his puzzles/During the boss fight with Papyrus before he turns the protagonist's SOUL blue/After sparing Papyrus/At the end of the hangout with Papyrus if the protagonist did not flirt with him during his battleNyeh Heh Heh!
67%
0620:32During the Multicolor Tile Puzzle in HotlandOh! Dungeon
67%
0670:14After Mettaton's switch has been flipped, and before his silhouette disappearsOh My...
67%
0470:14In the areas of Hotland preceding the Lab and the area after the LabOoo
67%
0370:38In Napstablook's housePathetic House
67%
0281:01While discussing talking flowers with Sans in Grillby's/In room_water_redactedPremonition
67%
0330:32In more populated parts of Waterfall/In Muffet's Spider Bake Sale in HotlandQuiet Water
67%
0941:54During the scene on the surface at the end of the True Pacifist RouteRespite
67%
0924:44During the epilogueReunited
67%
0320:26While being pursued by UndyneRun!
67%
0150:50During Sans's introduction/In the room with Sans's sentry station in Waterfall/In the room with Sans's Hot Dog stand in Hotland/In Grillby's/In Papyrus and Sans's House/In Napstablook's snail farmsans.
67%
0891:53The second phase of Asriel Dreemurr's boss fight after the SAVE button appearsSAVE the World
67%
0230:50In the Snowdin Shop/In Gerson's ShopShop
67%
0740:14When first meeting AsgoreSmall Shock
67%
0221:16In SnowdinSnowdin Town
67%
0721:02NeverSong That Might Play When You Fight Sans
67%
0461:55Undyne's boss fightSpear of Justice
67%
0591:46Muffet's boss fightSpider Dance
67%
0380:23CD found in Napstablook's houseSpooktune
67%
0390:25CD found in Napstablook's houseSpookwave
67%
0531:03While fighting monsters in Hard ModeStronger Monsters
67%
0430:57In Temmie VillageTemmie Village
67%
0440:45In the Tem ShopTem shop
67%
0732:12While Sans judges the protagonist/At the end of the fight with AsgoreThe Choice
67%
0420:42During the snail race in Napstablook's snail farmThundersnail
67%
0300:45While hiding from Undyne during her first encounterUndyne
67%
0520:34On the Joystick Config menu during SummerUwa!! So HEATS!!♫
67%
0180:30On the Joystick Config menu during WinterUwa!! So Holiday♫
67%
0312:06While traveling through WaterfallWaterfall
67%
0600:58So Sorry's boss fightWrong Enemy !?
67%
0780:34Before Photoshop Flowey's fight/Before Asriel Dreemurr's fight/Before the special thanks segment of the True Pacifist Ending CreditsYou Idiot
67%
0841:20When battling the AmalgamatesAmalgam
33%
0813:28During the phone calls of most Neutral Route endings/During the end of the battle with Undyne if the protagonist kills herAn Ending
33%
0750:31When viewing the barrier before the fight with AsgoreBarrier
33%
0760:21Precedes the fight against AsgoreBergentrückung
33%
0880:21The second segment of Asriel Dreemurr's boss fight after "Hyper Goner" is usedBurn in Despair!
33%
0551:01Jetpack sequence of Mettaton's cooking showCan You Really Call This A Hotel, I Didn't Receive A Mint On My Pillow Or Anything
33%
0290:18When seeing Undyne for the first timeDanger Mystery
33%
0862:02When monsters encourage the protagonist while Flowey ensnares them with vinesDon't Give Up
33%
0801:52During the fight against Photoshop Flowey after all human SOUL segmentsFinale
33%
0910:18When Asriel uses the absorbed SOULs to destroy the barrierFinal Power
33%
0832:06While exploring the True LabHere We Are
33%
0660:07After Mettaton betrays Alphys and declares his desire to kill the humanLast Episode!
33%
0962:15During the credits when all of the Kickstarter backers are being shownLast Goodbye
33%
0700:20During the first elevator ride to New HomeLong Elevator
33%
1002:36Sans's boss fightMEGALOVANIA
33%
0930:32On the menu screen after Asriel Dreemurr's boss fight before the True Reset option appearsMenu (Full)
33%
0611:24During Mettaton's musical performanceOh! One True Love
33%
0990:30Mettaton NEO's "boss fight"Power Of "NEO"
33%
0820:18Outside of Undyne's House right before her hangout with the protagonistShe's Playing Piano
33%
0794:00Photoshop Flowey's boss fightYour Best Nightmare
33%
0954:12During the credits when all of the monsters are being shownBring It In, Guys!
0%
0852:30When Toriel intervenes in the fight against Asgore in the True Pacifist RouteFallen Down (Reprise)
0%
0902:05The end of Asriel Dreemurr's boss fight when memories of Chara and Asriel appearHis Theme
0%
0716:21When the protagonist travels through New Home and hears the story of Asriel and the First HumanUndertale
0%

Score Distribution

Percentile by Number Answered

Percent of People with Each Score

Your Score History

You have not taken this quiz